Information Science (Malayalam) (Record no. 42456)

MARC details
000 -LEADER
fixed length control field 00338nam a2200133Ia 4500
020 ## - INTERNATIONAL STANDARD BOOK NUMBER
ISBN 8176384518
082 ## - DEWEY DECIMAL CLASSIFICATION NUMBER
Classification number 02:007
Item number DEV
100 ## - MAIN ENTRY--AUTHOR NAME
Personal name Devarajan, G
245 #0 - TITLE STATEMENT
Title Information Science (Malayalam)
250 ## - EDITION STATEMENT
Edition statement Ed.2
260 ## - PUBLICATION, DISTRIBUTION, ETC. (IMPRINT)
Place of publication Trivandrum
Name of publisher Kerala Bhasha Institute
Year of publication 2005
942 ## - ADDED ENTRY ELEMENTS (KOHA)
Koha item type Books
Holdings
Withdrawn status Lost status Damaged status Not for loan Home library Current library Date acquired Cost, normal purchase price Full call number Accession Number Koha item type
        RRII Library RRII Library 16/12/2021 55.00 02:007 DEV 22728 Books